[Event "Titled Tuesday intern op 02nd Apr Early"]
[Site "Chess.com INT"]
[Date "2024.04.02"]
[Round "2"]
[White "Karolczuk, Iwo"]
[Black "Bambino Filho, Antonio Carlos"]
[Result "1-0"]
[WhiteElo "2293"]
[BlackElo "2169"]
[PlyCount "81"]
[EventDate "2024.04.02"]
[EventType "swiss (blitz)"]
[EventRounds "11"]
[EventCountry "USA"]
[SourceTitle "CB15_2024"]
[SourceDate "2024.04.10"]
[SourceVersion "1"]
[SourceVersionDate "2024.04.10"]
[SourceQuality "1"]

1. e4 g6 2. d4 Bg7 3. Nc3 d6 4. Be3 c6 5. a4 Nf6 6. h3 0-0 7. Nf3 Nbd7 8. Bc4 e5 9. 0-0 exd4 10. Bxd4 Qc7 11. Re1 Ne5 12. Bf1 Be6 13. Ng5 Rad8 14. Nxe6 fxe6 15. a5 c5 16. Be3 Nh5 17. Qd2 a6 18. f4 Nc6 19. Bc4 Qe7 20. g4 Nd4 21. Rf1 Nf6 22. Rae1 Qd7 23. f5 gxf5 24. gxf5 d5 25. fxe6 Qxe6 26. Nxd5 Nxd5 27. Bxd5 Rxd5 28. exd5 Rxf1+ 29. Rxf1 Qxh3 30. Qf2 Qg4+ 31. Qg2 Ne2+ 32. Kf2 Qc4 33. Bh6 Qh4+ 34. Kxe2 Qxh6 35. Qe4 Qh5+ 36. Rf3 Qh2+ 37. Rf2 Qh5+ 38. Kf1 Bd4 39. Qe6+ Kg7 40. Rg2+ Kf8 41. Rg8# 1-0

[Event "Titled Tuesday intern op 02nd Apr Early"]
[Site "Chess.com INT"]
[Date "2024.04.02"]
[Round "6"]
[White "Karolczuk, Iwo"]
[Black "Yagupov, Igor"]
[Result "0-1"]
[WhiteElo "2293"]
[BlackElo "2275"]
[PlyCount "62"]
[EventDate "2024.04.02"]
[EventType "swiss (blitz)"]
[EventRounds "11"]
[EventCountry "USA"]
[SourceTitle "CB15_2024"]
[SourceDate "2024.04.10"]
[SourceVersion "1"]
[SourceVersionDate "2024.04.10"]
[SourceQuality "1"]

1. e4 c5 2. Nf3 Nc6 3. Bb5 g6 4. Bxc6 bxc6 5. d4 cxd4 6. Qxd4 f6 7. 0-0 d6 8. c4 c5 9. Qd3 Nh6 10. Nc3 Nf7 11. a3 Bg7 12. b4 Bg4 13. Bf4 g5 14. Bg3 h5 15. h3 Be6 16. Nd5 h4 17. Bh2 Rc8 18. Rad1 g4 19. hxg4 Bxg4 20. e5 Bxf3 21. exf6 Bxd1 22. fxg7 Rg8 23. Qh7 Kd7 24. Qf5+ Ke8 25. Re1 Rxg7 26. Nxe7 Kf8 27. Nxc8 Bg4 28. Qf4 Bxc8 29. bxc5 dxc5 30. Qe4 Ng5 31. Qe5 Nf3+ 0-1

[Event "Krakow op-A 34th"]
[Site "Krakow"]
[Date "2024.01.02"]
[Round "7"]
[White "Gierulski, Kamil"]
[Black "Karolczuk, Iwo"]
[Result "1/2-1/2"]
[WhiteElo "2223"]
[BlackElo "2365"]
[PlyCount "40"]
[EventDate "2023.12.27"]
[EventType "swiss"]
[EventRounds "9"]
[EventCountry "POL"]
[SourceTitle "CB02_2024"]
[SourceDate "2024.01.10"]
[SourceVersion "1"]
[SourceVersionDate "2024.01.10"]
[SourceQuality "1"]

1. e4 e6 2. d4 d5 3. e5 c5 4. c3 Nc6 5. Nf3 Bd7 6. Be2 cxd4 7. cxd4 Nge7 8. Na3 Nf5 9. Nc2 Be7 10. 0-0 0-0 11. Bd3 f6 12. exf6 Bxf6 13. b3 e5 14. dxe5 Nxe5 15. Nxe5 Bxe5 16. Rb1 Qf6 17. Ne3 Nxe3 18. Bxe3 Qd6 19. Qh5 g6 20. Qh4 Bf6 1/2-1/2

[Event "Krakow op-A 34th"]
[Site "Krakow"]
[Date "2023.12.31"]
[Round "5"]
[White "Karolczuk, Iwo"]
[Black "Eke, Salih"]
[Result "1/2-1/2"]
[WhiteElo "2365"]
[BlackElo "2217"]
[PlyCount "119"]
[EventDate "2023.12.27"]
[EventType "swiss"]
[EventRounds "9"]
[EventCountry "POL"]
[SourceTitle "CB02_2024"]
[SourceDate "2024.01.10"]
[SourceVersion "1"]
[SourceVersionDate "2024.01.10"]
[SourceQuality "1"]

1. e4 c5 2. Nf3 Nc6 3. Bb5 g6 4. Bxc6 bxc6 5. 0-0 Bg7 6. Re1 Qc7 7. h3 d6 8. Na3 e5 9. c3 Ne7 10. d4 cxd4 11. cxd4 0-0 12. dxe5 dxe5 13. Be3 h6 14. Bc5 Rd8 15. Qa4 Be6 16. Nc4 Nc8 17. Qa5 Nb6 18. Ncxe5 Bxe5 19. Nxe5 Qxe5 20. Bxb6 Qxa5 21. Bxa5 Rd4 22. a3 c5 23. Bc3 Rd3 24. f4 Rad8 25. Kf2 Bb3 26. Re2 Bd1 27. Re1 Bb3 28. Re3 c4 29. Rae1 Kf8 30. f5 h5 31. Kf3 Ke7 32. g3 Bc2 33. Kf4 Rxe3 34. Rxe3 Rd3 35. Rxd3 Bxd3 36. g4 hxg4 37. hxg4 gxf5 38. gxf5 f6 39. e5 fxe5+ 40. Kxe5 Kf7 41. f6 Bc2 42. Ba5 Bb3 43. Bc7 Bc2 44. Bd8 Bb3 45. Ba5 Bc2 46. Bb4 Bd1 47. Be1 Bc2 48. Bc3 Bb3 49. Ba5 Bc2 50. Bc7 Bd1 51. Bd8 Bb3 52. Kd4 a5 53. Bxa5 Kxf6 54. Kc5 Ke6 55. Kb5 Kd7 56. Bb6 Kc8 57. a4 Kb7 58. a5 Ka8 59. a6 Ba2 60. Kb4 1/2-1/2

[Event "Krakow op-A 34th"]
[Site "Krakow"]
[Date "2023.12.30"]
[Round "4"]
[White "Fodor, Balazs"]
[Black "Karolczuk, Iwo"]
[Result "1/2-1/2"]
[WhiteElo "2225"]
[BlackElo "2365"]
[PlyCount "117"]
[EventDate "2023.12.27"]
[EventType "swiss"]
[EventRounds "9"]
[EventCountry "POL"]
[SourceTitle "CB02_2024"]
[SourceDate "2024.01.10"]
[SourceVersion "1"]
[SourceVersionDate "2024.01.10"]
[SourceQuality "1"]

1. d4 Nf6 2. c4 e6 3. Nf3 d5 4. g3 h6 5. Bg2 Bd6 6. 0-0 0-0 7. Qc2 Nc6 8. a3 dxc4 9. Nbd2 b5 10. b3 Na5 11. bxc4 bxc4 12. Ne5 Rb8 13. Nexc4 Nxc4 14. Nxc4 Nd5 15. e4 Nb6 16. Na5 Bd7 17. Nc6 Bxc6 18. Qxc6 Qe8 19. Qc3 e5 20. Be3 Na4 21. Qc4 Qb5 22. Qc2 Qb3 23. Qe2 exd4 24. Bxd4 c5 25. Be3 Be5 26. Rae1 c4 27. Qg4 Kh8 28. Bh3 Rb5 29. f4 Bc3 30. Re2 Nc5 31. e5 Nd3 32. Qh4 Kh7 33. Qe7 Rbb8 34. Bf5+ Kh8 35. Be4 Qb5 36. Qh4 f6 37. Qh5 Qe8 38. Bg6 Qe7 39. e6 f5 40. Bxf5 Rb5 41. g4 Qxa3 42. Qg6 Rbxf5 43. gxf5 Bf6 44. Qg2 c3 45. Ra2 Qb3 46. Rxa7 c2 47. e7 Rg8 48. Qe4 Qb5 49. Ra8 Bxe7 50. Rxg8+ Kxg8 51. Qxe7 Qxf5 52. Qh4 c1Q 53. Bxc1 Qc5+ 54. Kg2 Qc2+ 55. Kh1 Qc6+ 56. Kg1 Qc5+ 57. Kg2 Qc2+ 58. Kh1 Qc6+ 59. Kg1 1/2-1/2

[Event "POL-chT 1st League"]
[Site "Leba"]
[Date "2023.09.26"]
[Round "4.6"]
[White "Molenda, Marcin"]
[Black "Karolczuk, Iwo"]
[Result "0-1"]
[WhiteElo "2395"]
[BlackElo "2325"]
[PlyCount "66"]
[EventDate "2023.09.23"]
[EventType "team-swiss"]
[EventRounds "9"]
[EventCountry "POL"]
[SourceTitle "EXT 2024"]
[Source "ChessBase"]
[SourceDate "2023.10.10"]
[SourceVersion "1"]
[SourceVersionDate "2023.10.10"]
[SourceQuality "1"]
[WhiteTeam "Jastrzebie Zdroj Pionier"]
[BlackTeam "Strzelce Opolskie Strzelec"]
[WhiteTeamCountry "POL"]
[BlackTeamCountry "POL"]

1. d4 Nf6 2. c4 e6 3. g3 d5 4. Nf3 h6 5. Bg2 Bd6 6. 0-0 0-0 7. Nc3 Nc6 8. b3 dxc4 9. bxc4 e5 10. d5 Na5 11. c5 Bxc5 12. Nxe5 Re8 13. Nd3 Bd4 14. Bb2 Nc4 15. Qa4 b5 16. Nxb5 Bxb2 17. Qxc4 Bxa1 18. Nxc7 Ba6 19. Qxa6 Qxc7 20. d6 Qc3 21. Bxa8 Rxa8 22. Rc1 Qd4 23. e3 Qd5 24. Rxa1 Ne4 25. Rc1 Ng5 26. h4 Nf3+ 27. Kf1 Rd8 28. Rc8 Rxc8 29. Qxc8+ Kh7 30. Qc2 g6 31. Nf4 Qxd6 32. Qe2 Qc6 33. Nd3 Nd4 0-1

[Event "POL-chT 1st League"]
[Site "Leba"]
[Date "2023.09.25"]
[Round "3.4"]
[White "Karolczuk, Iwo"]
[Black "Kistrup, Nicolai"]
[Result "1-0"]
[WhiteElo "2325"]
[BlackElo "2359"]
[PlyCount "63"]
[EventDate "2023.09.23"]
[EventType "team-swiss"]
[EventRounds "9"]
[EventCountry "POL"]
[SourceTitle "EXT 2024"]
[Source "ChessBase"]
[SourceDate "2023.10.10"]
[SourceVersion "1"]
[SourceVersionDate "2023.10.10"]
[SourceQuality "1"]
[WhiteTeam "Strzelce Opolskie Strzelec"]
[BlackTeam "Gostynin Gostmat 83"]
[WhiteTeamCountry "POL"]
[BlackTeamCountry "POL"]

1. e4 e5 2. Bc4 Nf6 3. d3 c6 4. Nf3 d5 5. Bb3 Bb4+ 6. Bd2 Bxd2+ 7. Nbxd2 Nbd7 8. 0-0 0-0 9. exd5 cxd5 10. Re1 Re8 11. Nf1 Qc7 12. Ng3 a5 13. Ba4 Re6 14. Ng5 Rb6 15. c4 Rxb2 16. cxd5 b5 17. Bb3 Qa7 18. Re2 Rxe2 19. Qxe2 a4 20. Bc2 Qd4 21. Rb1 Qxd5 22. Nf5 Kf8 23. d4 Bb7 24. Ne3 Qxd4 25. Qxb5 Ba6 26. Qc6 Ra7 27. Nf5 Qc4 28. Qd6+ Kg8 29. Ne7+ Kh8 30. Rb8+ Bc8 31. Rxc8+ Qxc8 32. Nxf7# 1-0

[Event "POL-ch Blitz U18"]
[Site "Bydgoszcz"]
[Date "2023.08.31"]
[Round "1"]
[White "Karolczuk, Iwo"]
[Black "Kossowski, Pawel"]
[Result "1-0"]
[WhiteElo "2324"]
[BlackElo "1733"]
[PlyCount "33"]
[EventDate "2023.08.28"]
[EventType "swiss"]
[EventRounds "10"]
[EventCountry "POL"]
[SourceTitle "EXT 2024"]
[Source "ChessBase"]
[SourceDate "2023.10.10"]
[SourceVersion "1"]
[SourceVersionDate "2023.10.10"]
[SourceQuality "1"]

1. d4 Nf6 2. Nf3 e6 3. g3 d5 4. Bg2 c5 5. 0-0 Nc6 6. dxc5 Bxc5 7. c4 0-0 8. Nc3 dxc4 9. Qa4 Qe7 10. Qxc4 a6 11. Bg5 b5 12. Qh4 Bb7 13. Ne4 h6 14. Nxf6+ gxf6 15. Bxf6 Qd6 16. Qg4+ Kh7 17. Qg7# 1-0

[Event "POL-ch Rapid U18"]
[Site "Bydgoszcz"]
[Date "2023.08.29"]
[Round "6"]
[White "Karolczuk, Iwo"]
[Black "Grzesik, Gracjan"]
[Result "1-0"]
[WhiteElo "2257"]
[BlackElo "2180"]
[PlyCount "93"]
[EventDate "2023.08.28"]
[EventType "swiss"]
[EventRounds "11"]
[EventCountry "POL"]
[SourceTitle "EXT 2024"]
[Source "ChessBase"]
[SourceDate "2023.10.10"]
[SourceVersion "1"]
[SourceVersionDate "2023.10.10"]
[SourceQuality "1"]

1. e4 c5 2. Nf3 d6 3. d4 cxd4 4. Nxd4 Nf6 5. Nc3 a6 6. Bc4 e6 7. Bb3 Nbd7 8. f4 Nc5 9. e5 dxe5 10. fxe5 Nxb3 11. axb3 Nd5 12. 0-0 Nxc3 13. bxc3 Qc7 14. Qf3 Bc5 15. Qg3 0-0 16. Bh6 f5 17. Kh1 Kh8 18. Be3 Bxd4 19. cxd4 b5 20. Rac1 b4 21. Bd2 a5 22. c4 bxc3 23. Rxc3 Qd7 24. Qh4 Bb7 25. Rh3 g6 26. Bh6 Rfc8 27. Bg5 Qf7 28. Bf6+ Kg8 29. Rg3 Bd5 30. Qh6 Rc2 31. h4 Rac8 32. h5 Rxg2 33. Rxg2 Rc2 34. Rfg1 Qb7 35. Qg5 Qxb3 36. Kh2 Bxg2 37. Rxg2 Rxg2+ 38. Qxg2 Kf7 39. Qc6 Qb2+ 40. Kg3 Qa3+ 41. Kh4 g5+ 42. Bxg5 Qf8 43. Qd7+ Kg8 44. Qxe6+ Qf7 45. Qxf7+ Kxf7 46. d5 a4 47. Bc1 1-0

[Event "Polanica Zdroj op 59th"]
[Site "Polanica Zdroj"]
[Date "2023.08.20"]
[Round "2"]
[White "Zysko, Jan"]
[Black "Karolczuk, Iwo"]
[Result "1/2-1/2"]
[WhiteElo "2152"]
[BlackElo "2324"]
[PlyCount "87"]
[EventDate "2023.08.19"]
[EventType "swiss"]
[EventRounds "9"]
[EventCountry "POL"]
[SourceTitle "CBM 215 Extra"]
[Source "ChessBase"]
[SourceDate "2023.09.30"]
[SourceVersion "1"]
[SourceVersionDate "2023.09.30"]
[SourceQuality "1"]

1. e4 c5 2. Nf3 d6 3. d4 cxd4 4. Nxd4 Nf6 5. Nc3 a6 6. Be2 e5 7. Nb3 Be7 8. 0-0 0-0 9. Re1 Be6 10. Bf3 Nbd7 11. a4 Nb6 12. Nd2 Rc8 13. Nf1 Qd7 14. Ne3 Rxc3 15. bxc3 Nxa4 16. c4 Rc8 17. Nd5 Bxd5 18. cxd5 b5 19. g4 Rc4 20. g5 Rd4 21. Qe2 Nc3 22. Qf1 Nfxe4 23. Rxa6 g6 24. Ra8+ Kg7 25. Qg2 Qf5 26. h4 Nd2 27. Bxd2 Rxd2 28. Ra7 Bd8 29. Bg4 Qxf2+ 30. Qxf2 Rxf2 31. Kxf2 Bb6+ 32. Kg2 Bxa7 33. Bd7 Nxd5 34. Bxb5 Ne3+ 35. Kh3 Nxc2 36. Rc1 Nd4 37. Bc4 Bc5 38. Rb1 Ne6 39. Bxe6 fxe6 40. Rb7+ Kf8 41. Rb8+ Kf7 42. Rb7+ Kf8 43. Rb8+ Kf7 44. Rb7+ 1/2-1/2

[Event "Suwalki Warakomska Memorial 7th"]
[Site "Suwalki"]
[Date "2023.08.09"]
[Round "3"]
[White "Karolczuk, Iwo"]
[Black "Rozycki, Bartlomiej"]
[Result "1-0"]
[WhiteElo "2324"]
[BlackElo "2195"]
[PlyCount "113"]
[EventDate "2023.08.07"]
[EventType "swiss"]
[EventRounds "9"]
[EventCountry "POL"]
[SourceTitle "CBM 215 Extra"]
[Source "ChessBase"]
[SourceDate "2023.09.30"]
[SourceVersion "1"]
[SourceVersionDate "2023.09.30"]
[SourceQuality "1"]

1. Nf3 d5 2. g3 Nf6 3. Bg2 c6 4. 0-0 Bg4 5. b3 Nbd7 6. Bb2 e6 7. d3 Bd6 8. Nbd2 0-0 9. e4 dxe4 10. dxe4 Ne5 11. h3 Nxf3+ 12. Nxf3 Bxf3 13. Qxf3 e5 14. Rad1 Qe7 15. Qf5 Rad8 16. f4 exf4 17. gxf4 Bc7 18. Rd3 Bb6+ 19. Kh2 Rxd3 20. cxd3 Rd8 21. Rf3 Bd4 22. Bxd4 Rxd4 23. Rg3 Nd7 24. Qa5 a6 25. Qc7 Qd6 26. Qd8+ Nf8 27. Qxd6 Rxd6 28. f5 Nd7 29. Bf1 a5 30. Kg2 a4 31. bxa4 Rd4 32. Kf3 Rxa4 33. Rg2 Ne5+ 34. Ke3 Ra3 35. Rc2 Kf8 36. Kd4 f6 37. Rb2 b5 38. Rc2 Ke7 39. Kc5 Ra6 40. d4 Nd7+ 41. Kb4 Ra4+ 42. Kb3 Kd6 43. Rd2 Kc7 44. a3 Kb6 45. Bg2 c5 46. dxc5+ Nxc5+ 47. Kb2 Nxe4 48. Rd7 Ng5 49. Rb7+ Ka6 50. Rxg7 Rf4 51. Kb3 h5 52. Rd7 Rxf5 53. Rd6+ Ka7 54. Kb4 Rf2 55. Bc6 Nxh3 56. Ka5 Ng5 57. Rd8 1-0

[Event "Suwalki Warakomska Memorial 7th"]
[Site "Suwalki"]
[Date "2023.08.08"]
[Round "2"]
[White "Jakubowski, Krzysztof"]
[Black "Karolczuk, Iwo"]
[Result "1-0"]
[WhiteElo "2473"]
[BlackElo "2324"]
[PlyCount "77"]
[EventDate "2023.08.07"]
[EventType "swiss"]
[EventRounds "9"]
[EventCountry "POL"]
[SourceTitle "CBM 215 Extra"]
[Source "ChessBase"]
[SourceDate "2023.09.30"]
[SourceVersion "1"]
[SourceVersionDate "2023.09.30"]
[SourceQuality "1"]

1. e4 e6 2. d4 d5 3. Nc3 Nf6 4. e5 Nfd7 5. Nce2 c5 6. c3 Nc6 7. Nf3 b5 8. a3 a5 9. h4 Qb6 10. Nf4 Ba6 11. Rh3 b4 12. Bxa6 Qxa6 13. axb4 cxb4 14. Rg3 bxc3 15. bxc3 a4 16. Nd2 Ne7 17. h5 g6 18. Qg4 g5 19. Ne2 Nf5 20. Rf3 Rg8 21. Rxf5 exf5 22. Qxf5 Rg7 23. Nf1 Qe6 24. g4 Qxf5 25. gxf5 f6 26. e6 Nb6 27. Ne3 Rc7 28. Kd1 a3 29. Kc2 Rb7 30. Ng4 Be7 31. f4 gxf4 32. Nxf4 Rc7 33. h6 Kf8 34. Ra2 Rac8 35. Rxa3 Bb4 36. Bb2 Nc4 37. Rb3 Bd6 38. Nxd5 Ra7 39. Nb6 1-0

[Event "Bydgoszcz op-A"]
[Site "Bydgoszcz"]
[Date "2023.06.29"]
[Round "6"]
[White "Hryharovich, Aliaksei"]
[Black "Karolczuk, Iwo"]
[Result "0-1"]
[WhiteElo "2153"]
[BlackElo "2345"]
[PlyCount "78"]
[EventDate "2023.06.24"]
[EventType "swiss"]
[EventRounds "9"]
[EventCountry "POL"]
[SourceTitle "CBM 215 Extra"]
[Source "ChessBase"]
[SourceDate "2023.09.30"]
[SourceVersion "1"]
[SourceVersionDate "2023.09.30"]
[SourceQuality "1"]

1. c4 e5 2. Nc3 Nf6 3. Nf3 Nc6 4. e4 Bb4 5. d3 d6 6. a3 Bxc3+ 7. bxc3 h6 8. g3 0-0 9. Bg2 Nd7 10. 0-0 Ne7 11. Nh4 Nb6 12. Be3 g5 13. Nf5 Nxf5 14. exf5 Bxf5 15. f4 exf4 16. gxf4 g4 17. Bxb7 Rb8 18. Bc6 Kh7 19. Re1 Qf6 20. Bd4 Qg6 21. Re3 Bd7 22. Be4 f5 23. Bd5 Nxd5 24. cxd5 c5 25. dxc6 Bxc6 26. Qe2 Rbe8 27. Re1 Rxe3 28. Qxe3 Re8 29. Qg3 a6 30. c4 Bf3 31. Qf2 g3 32. hxg3 Qh5 33. Qf1 Be2 34. Qg2 Bf3 35. Qf1 Rb8 36. Re7+ Kg8 37. Kf2 Kf8 38. Re3 Bc6 39. Bc3 Qh2+ 0-1

[Event "Bydgoszcz op-A"]
[Site "Bydgoszcz"]
[Date "2023.06.27"]
[Round "4"]
[White "Karolczuk, Iwo"]
[Black "Klimkowski, Jan"]
[Result "0-1"]
[WhiteElo "2345"]
[BlackElo "2474"]
[PlyCount "62"]
[EventDate "2023.06.24"]
[EventType "swiss"]
[EventRounds "9"]
[EventCountry "POL"]
[SourceTitle "CBM 215 Extra"]
[Source "ChessBase"]
[SourceDate "2023.09.30"]
[SourceVersion "1"]
[SourceVersionDate "2023.09.30"]
[SourceQuality "1"]

1. e4 c5 2. Nf3 d6 3. d4 cxd4 4. Nxd4 Nf6 5. Nc3 a6 6. Rg1 e5 7. Nb3 h5 8. Be3 Be6 9. h3 Nbd7 10. Qf3 Rc8 11. g4 hxg4 12. hxg4 Rxc3 13. bxc3 Qc7 14. Bd2 d5 15. exd5 Bxd5 16. Qe2 Nb6 17. f4 Ne4 18. Qd3 Rh2 19. Rg2 Nxd2 20. Rxd2 Rh1 21. Re2 Be7 22. 0-0-0 Bc4 23. Qe4 Bxe2 24. Bxe2 Rh2 25. Rh1 Rxh1+ 26. Qxh1 Qxc3 27. fxe5 Na4 28. Bd3 Qxe5 29. Qh8+ Kd7 30. Bf5+ Kc7 31. Qc8+ Kb6 0-1

[Event "Bydgoszcz op-A"]
[Site "Bydgoszcz"]
[Date "2023.06.25"]
[Round "2"]
[White "Sliwerski, Radoslaw"]
[Black "Karolczuk, Iwo"]
[Result "0-1"]
[WhiteElo "1984"]
[BlackElo "2345"]
[PlyCount "52"]
[EventDate "2023.06.24"]
[EventType "swiss"]
[EventRounds "9"]
[EventCountry "POL"]
[SourceTitle "CBM 215 Extra"]
[Source "ChessBase"]
[SourceDate "2023.09.30"]
[SourceVersion "1"]
[SourceVersionDate "2023.09.30"]
[SourceQuality "1"]

1. d4 Nf6 2. c4 e6 3. Nc3 Bb4 4. f3 c5 5. d5 0-0 6. e4 Re8 7. Nge2 d6 8. Ng3 b5 9. Kf2 bxc4 10. Bxc4 Ba6 11. Bxa6 Nxa6 12. dxe6 fxe6 13. Re1 c4 14. Be3 Nc5 15. Bxc5 Bxc5+ 16. Kf1 Ng4 17. fxg4 Qh4 18. Qf3 Rf8 19. Nf5 exf5 20. gxf5 Qxh2 21. Ke2 Rab8 22. Rab1 Qe5 23. Rh1 d5 24. Qh3 h6 25. Qh2 Rxf5 26. g4 Rf2+ 0-1

[Event "POL-ch 80th"]
[Site "Warsaw"]
[Date "2023.04.13"]
[Round "1.2"]
[White "Karolczuk, Iwo"]
[Black "Teclaf, Pawel"]
[Result "1/2-1/2"]
[WhiteElo "2343"]
[BlackElo "2573"]
[PlyCount "64"]
[EventDate "2023.04.12"]
[EventType "k.o."]
[EventRounds "4"]
[EventCountry "POL"]
[SourceTitle "CBM 213 Extra"]
[Source "ChessBase"]
[SourceDate "2023.05.31"]
[SourceVersion "1"]
[SourceVersionDate "2023.05.31"]
[SourceQuality "1"]

1. d4 Nf6 2. c4 c6 3. Nf3 d5 4. e3 Bf5 5. Nc3 e6 6. Nh4 Bg6 7. Nxg6 hxg6 8. Bd2 Nbd7 9. Rc1 Bd6 10. Qb3 Rb8 11. Be2 Qe7 12. g3 dxc4 13. Qxc4 e5 14. 0-0 Nb6 15. Qb3 Qd7 16. f4 exd4 17. exd4 Be7 18. Be3 Nbd5 19. Nxd5 Nxd5 20. Bf3 0-0 21. Bxd5 cxd5 22. Qd3 Rbc8 23. Rfe1 Bf6 24. Bf2 Rxc1 25. Rxc1 Re8 26. Rc2 Re4 27. Re2 Qe6 28. Rxe4 dxe4 29. Qc3 Qxa2 30. Qc8+ Kh7 31. Qh3+ Kg8 32. Qc8+ Kh7 1/2-1/2

[Event "POL-ch 80th"]
[Site "Warsaw"]
[Date "2023.04.13"]
[Round "1.1"]
[White "Teclaf, Pawel"]
[Black "Karolczuk, Iwo"]
[Result "1-0"]
[WhiteElo "2573"]
[BlackElo "2343"]
[PlyCount "61"]
[EventDate "2023.04.12"]
[EventType "k.o."]
[EventRounds "4"]
[EventCountry "POL"]
[SourceTitle "CBM 213 Extra"]
[Source "ChessBase"]
[SourceDate "2023.05.31"]
[SourceVersion "1"]
[SourceVersionDate "2023.05.31"]
[SourceQuality "1"]

1. h3 e5 2. c3 Nf6 3. d4 Nc6 4. Bg5 h6 5. Bxf6 Qxf6 6. e3 Be7 7. Nf3 0-0 8. Bc4 Qg6 9. g3 d6 10. Nbd2 exd4 11. cxd4 Nb4 12. Kf1 c5 13. Kg2 d5 14. Be2 c4 15. e4 dxe4 16. Ne5 Qb6 17. Ndxc4 Qe6 18. Ne3 Nc6 19. Bc4 Qd6 20. Qh5 Be6 21. Nf5 Bxf5 22. Nxf7 Rxf7 23. Qxf7+ Kh8 24. Qxf5 Qxd4 25. Qd5 Qxb2 26. Rab1 Qc3 27. Qxe4 Rf8 28. Bd3 g6 29. Qxg6 Rxf2+ 30. Kxf2 Qd2+ 31. Kf1 1-0

[Event "Titled Tuesday intern op 28th Mar Early"]
[Site "Chess.com INT"]
[Date "2023.03.28"]
[Round "6"]
[White "Karolczuk, Iwo"]
[Black "Jeet, Jain"]
[Result "0-1"]
[WhiteElo "2346"]
[BlackElo "2246"]
[PlyCount "86"]
[EventDate "2023.03.28"]
[EventType "swiss (blitz)"]
[EventRounds "11"]
[EventCountry "USA"]
[SourceTitle "EXT 2024"]
[Source "ChessBase"]
[SourceDate "2023.10.10"]
[SourceVersion "1"]
[SourceVersionDate "2023.10.10"]
[SourceQuality "1"]

1. e4 Nc6 2. d4 d6 3. Nf3 Bg4 4. c3 e5 5. d5 Nce7 6. h3 Bd7 7. Bd3 g6 8. c4 Bg7 9. Nc3 Nf6 10. Be3 a6 11. g4 h5 12. g5 Nh7 13. Qd2 0-0 14. Nh4 Rb8 15. b4 c6 16. Rc1 cxd5 17. cxd5 b5 18. Ne2 Nc8 19. Ng3 Ne7 20. f4 exf4 21. Bxf4 Rb6 22. 0-0 f6 23. gxf6 Bxf6 24. Nf3 Bxh3 25. Rf2 Bg4 26. Be3 Rb8 27. Nd4 Rc8 28. Nc6 Nxc6 29. dxc6 Be5 30. Bf4 Qh4 31. Bxe5 dxe5 32. Rxf8+ Rxf8 33. Qg2 Rf3 34. Nf1 Rxd3 35. c7 Bc8 36. Qxg6+ Kh8 37. Qe8+ Kg7 38. Qxc8 Qg5+ 39. Kh1 Qxc1 40. Qf5 Qxc7 41. Qxh5 Qe7 42. Qg4+ Qg5 43. Qe6 Qh6+ 0-1

[Event "Titled Tuesday intern op 28th Mar Early"]
[Site "Chess.com INT"]
[Date "2023.03.28"]
[Round "1"]
[White "Karolczuk, Iwo"]
[Black "Tarasova, Viktoriya"]
[Result "1-0"]
[WhiteElo "2346"]
[BlackElo "2226"]
[PlyCount "77"]
[EventDate "2023.03.28"]
[EventType "swiss (blitz)"]
[EventRounds "11"]
[EventCountry "USA"]
[SourceTitle "EXT 2024"]
[Source "ChessBase"]
[SourceDate "2023.10.10"]
[SourceVersion "1"]
[SourceVersionDate "2023.10.10"]
[SourceQuality "1"]

1. e4 e5 2. Nf3 Nc6 3. Bb5 Nf6 4. d3 Bc5 5. Nc3 h6 6. h3 0-0 7. 0-0 Re8 8. a3 a6 9. Ba4 b5 10. Bb3 d6 11. Ne2 Be6 12. Bxe6 Rxe6 13. Ng3 Re8 14. Nf5 Kh7 15. N3h4 Ne7 16. Qf3 Nfg8 17. c3 Ng6 18. Qg3 Qf6 19. Kh1 Nxh4 20. Nxh4 g5 21. Nf3 Ne7 22. h4 gxh4 23. Nxh4 Rg8 24. Qh3 Qe6 25. Qh2 Rg4 26. f3 Rg7 27. f4 exf4 28. Bxf4 Rag8 29. d4 Bb6 30. Rae1 Rg4 31. Bc1 c6 32. Rf3 Bd8 33. Ref1 R8g7 34. Rh3 Qxe4 35. Nf3 Nf5 36. Bxh6 Kg8 37. Bxg7 Kxg7 38. Rh7+ Kf8 39. Rh8+ 1-0

[Event "Titled Tuesday intern op 28th Mar Early"]
[Site "Chess.com INT"]
[Date "2023.03.28"]
[Round "10"]
[White "Karolczuk, Iwo"]
[Black "Vovk, Orest"]
[Result "1-0"]
[WhiteElo "2346"]
[BlackElo "2315"]
[PlyCount "45"]
[EventDate "2023.03.28"]
[EventType "swiss (blitz)"]
[EventRounds "11"]
[EventCountry "USA"]
[SourceTitle "EXT 2024"]
[Source "ChessBase"]
[SourceDate "2023.10.10"]
[SourceVersion "1"]
[SourceVersionDate "2023.10.10"]
[SourceQuality "1"]

1. a4 g5 2. b4 Bg7 3. Ra3 h5 4. h4 g4 5. a5 d5 6. g3 e5 7. Bg2 f5 8. e3 Nf6 9. Ne2 0-0 10. d4 Qe7 11. dxe5 Qxe5 12. Rd3 c6 13. Nbc3 Ne4 14. Bb2 Qe7 15. Nf4 Qxb4 16. Qa1 Nc5 17. 0-0 Nxd3 18. cxd3 Na6 19. Nxh5 Bh8 20. Rb1 Nc5 21. Nxd5 Bxb2 22. Rxb2 Qa4 23. Ra2 1-0

[Event "Titled Tuesday intern op 31st Jan Late"]
[Site "Chess.com INT"]
[Date "2023.01.31"]
[Round "7"]
[White "Karolczuk, Iwo"]
[Black "Bok, Benjamin"]
[Result "0-1"]
[WhiteElo "2337"]
[BlackElo "2618"]
[PlyCount "56"]
[EventDate "2023.01.31"]
[EventType "swiss (blitz)"]
[EventRounds "11"]
[EventCountry "USA"]
[SourceTitle "CBM 212 Extra"]
[Source "ChessBase"]
[SourceDate "2023.03.31"]
[SourceVersion "1"]
[SourceVersionDate "2023.03.31"]
[SourceQuality "1"]

1. e4 c5 2. Nc3 d6 3. d4 cxd4 4. Qxd4 Nc6 5. Qd2 g6 6. b3 Bh6 7. f4 Nf6 8. Bb2 0-0 9. 0-0-0 a5 10. a4 Nb4 11. Bc4 Bg4 12. Re1 Rc8 13. h3 Be6 14. Bb5 d5 15. Nge2 Nxe4 16. Qe3 Nxc3 17. Bxc3 Rxc3 18. Nxc3 d4 19. Qe5 dxc3 20. Re2 Qd6 21. g3 Qxe5 22. Rxe5 Rd8 23. h4 Bf5 24. Rxe7 Bxc2 25. Bc4 Bf5 26. Rh2 c2 27. Rh1 Bg7 28. Rxf7 Na2# 0-1

[Event "Titled Tuesday intern op 31st Jan Late"]
[Site "Chess.com INT"]
[Date "2023.01.31"]
[Round "9"]
[White "Tworuszka, Michal"]
[Black "Karolczuk, Iwo"]
[Result "0-1"]
[WhiteElo "2260"]
[BlackElo "2337"]
[PlyCount "52"]
[EventDate "2023.01.31"]
[EventType "swiss (blitz)"]
[EventRounds "11"]
[EventCountry "USA"]
[SourceTitle "CBM 212 Extra"]
[Source "ChessBase"]
[SourceDate "2023.03.31"]
[SourceVersion "1"]
[SourceVersionDate "2023.03.31"]
[SourceQuality "1"]

1. e4 c5 2. Nf3 d6 3. d4 cxd4 4. Nxd4 Nf6 5. Nc3 a6 6. b3 g6 7. Bb2 Bg7 8. Bd3 0-0 9. 0-0 Nbd7 10. Re1 Nc5 11. Bf1 Bd7 12. h3 Rc8 13. Qd2 b5 14. a3 Re8 15. Rad1 h5 16. g3 e5 17. Nf3 Bc6 18. Ng5 Bh6 19. h4 Nfxe4 20. Ncxe4 Nxe4 21. Nxe4 Bxd2 22. Nxd2 f6 23. Bh3 Rc7 24. Nf1 d5 25. f4 d4 26. f5 Qd5 0-1